Statistics for Random Original Pokémon by Picture

Click here to take the quiz!

General Stats

  • This quiz has been taken 3,677 times
  • The average score is 10 of 12

Answer Stats

Answer% Correct
Raichu
99%
Eevee
97%
Pikachu
97%
Squirtle
97%
Charizard
96%
Charmander
96%
Jigglypuff
96%
Snorlax
96%
Diglett
94%
Mew
94%
Magikarp
93%
Psyduck
93%
Dugtrio
92%
Gastly
92%
Blastoise
91%
Jolteon
91%
Koffing
91%
Meowth
91%
Mewtwo
91%
Slowpoke
91%
Alakazam
90%
Ditto
90%
Rattata
90%
Vulpix
90%
Arbok
89%
Bulbasaur
89%
Butterfree
89%
Muk
89%
Bellsprout
88%
Graveler
88%
Jynx
88%
Mankey
88%
Onix
88%
Persian
88%
Ponyta
88%
Gengar
87%
Geodude
87%
Mr. Mime
87%
Scyther
87%
Wartortle
87%
Abra
86%
Beedrill
86%
Dragonite
86%
Ekans
86%
Flareon
86%
Lapras
86%
Porygon
86%
Caterpie
85%
Golbat
85%
Goldeen
85%
Machamp
85%
Metapod
85%
Paras
85%
Tentacruel
85%
Nidoking
84%
Nidoqueen
84%
Tentacool
84%
Zapdos
84%
Charmeleon
83%
Machoke
83%
Oddish
83%
Tangela
83%
Weezing
83%
Golduck
82%
Hypno
82%
Kadabra
82%
Moltres
82%
Pidgey
82%
Sandslash
82%
Articuno
81%
Dratini
81%
Electrode
81%
Farfetch'd
81%
Haunter
81%
Hitmonchan
81%
Kabutops
81%
Krabby
81%
Lickitung
81%
Magmar
81%
Sandshrew
81%
Tauros
81%
Vaporeon
81%
Ivysaur
80%
Rapidash
80%
Arcanine
79%
Kakuna
79%
Machop
79%
Magnemite
79%
Rhyhorn
79%
Chansey
78%
Cubone
78%
Dragonair
78%
Golem
78%
Kabuto
78%
Nidorina
78%
Raticate
78%
Venomoth
78%
Growlithe
77%
Gyarados
77%
Nidoran ♂
77%
Starmie
77%
Staryu
77%
Weedle
77%
Wigglytuff
77%
Zubat
77%
Dewgong
76%
Drowzee
76%
Electabuzz
76%
Poliwhirl
76%
Slowbro
76%
Venusaur
76%
Dodrio
75%
Kingler
75%
Magneton
75%
Pinsir
75%
Poliwrath
75%
Clefairy
74%
Cloyster
74%
Gloom
74%
Grimer
74%
Hitmonlee
74%
Ninetales
74%
Rhydon
74%
Seaking
74%
Doduo
73%
Fearow
73%
Kangaskhan
73%
Vileplume
73%
Aerodactyl
72%
Clefable
72%
Pidgeot
72%
Pidgeotto
72%
Spearow
72%
Poliwag
71%
Horsea
70%
Marowak
70%
Seadra
70%
Venonat
70%
Voltorb
70%
Parasect
69%
Seel
69%
Nidorino
68%
Omastar
68%
Weepinbell
68%
Nidoran ♀
67%
Primeape
65%
Exeggcute
62%
Shellder
62%
Exeggutor
61%
Victreebel
61%
Omanyte
55%

Score Distribution

Percentile by Number Answered

Percent of People with Each Score

Your Score History

You have not taken this quiz